2002 : (Record no. 115357)
[ view plain ]
| 000 -CABECERA | |
|---|---|
| campo de control de longitud fija | 00599nam a2200193 a 4500 |
| 005 - FECHA Y HORA DE LA ÚLTIMA TRANSACCIÓN | |
| campo de control | 20260206064034.0 |
| 008 - ELEMENTOS DE LONGITUD FIJA--INFORMACIÓN GENERAL | |
| campo de control de longitud fija | 060314s2000 mx r 000 0 spa d |
| 035 ## - NÚMERO DE CONTROL DEL SISTEMA | |
| Número de control de sistema | UPN01000143210 |
| 049 ## - COLECCIÓN | |
| Colección | CG |
| 050 #4 - SIGNATURA TOPOGRÁFICA DE LA BIBLIOTECA DEL CONGRESO | |
| Número de clasificación | GN42 |
| Número de documento/Ítem | D6.3 2002 |
| 245 00 - MENCIÓN DE TÍTULO | |
| Título | 2002 : |
| Resto del título | ENAH : guía de introducción a las licenciaturas / |
| Mención de responsabilidad, etc. | Escuela Nacional de Antropología e Historia. |
| 250 ## - MENCIÓN DE EDICIÓN | |
| Mención de edición | 7a ed. |
| 260 ## - PUBLICACIÓN, DISTRIBUCIÓN, ETC. | |
| Lugar de publicación, distribución, etc. | México : |
| Fecha de publicación, distribución, etc. | ENAH, |
| -- | 2002. |
| 300 ## - DESCRIPCIÓN FÍSICA | |
| Extensión | 214, xxxviii p. |
| 650 #4 - ASIENTO SECUNDARIO DE MATERIA - TERMINO TEMATICO | |
| Término de materia o nombre geográfico como elemento de entrada | Antropología |
| Subdivisión general | Estudio y enseñanza |
| 9 (RLIN) | 4767 |
| 650 #4 - ASIENTO SECUNDARIO DE MATERIA - TERMINO TEMATICO | |
| Término de materia o nombre geográfico como elemento de entrada | Guías, manuales, etc. |
| 9 (RLIN) | 13681 |
| 650 #2 - ASIENTO SECUNDARIO DE MATERIA - TERMINO TEMATICO | |
| Término de materia o nombre geográfico como elemento de entrada | Reglamentos |
| 9 (RLIN) | 7584 |
| 905 ## - TIPO DE MATERIAL | |
| Tipo de material | Libro |
| Estado de retiro | Estado de pérdida | Fuente del sistema de clasificación o colocación | Estado dañado | No para préstamo | Código de colección | Localización permanente | Ubicación/localización actual | Ubicación en estantería | Fecha de adquisición | Total de préstamos | Clasificación | Código de barras | Fecha visto por última vez | Fecha del último préstamo | Número de copia | Tipo de ítem Koha |
|---|---|---|---|---|---|---|---|---|---|---|---|---|---|---|---|---|
| Library of Congress Classification | Colección General | Bib. Gregorio Torres Quintero | Bib. Gregorio Torres Quintero | Planta baja | 27/03/2023 | 3 | GN42 D6.3 2002 | 211194 | 12/05/2023 | 08/05/2023 | 1 | Libro |
